Muse - Starlight Lyrics - Statistiques

Statistiques générales
  • Ce quiz a été pris 160 fois
  • Le résultat moyen est 14 sur 22
Statistiques - réponses
Lyrics
% Correct
{Far} {away}
89%
{Starlight}
82%
My {life}
75%
{You} in my arms
73%
Until {the} {end} of my life
71%
Hold you {in} {my} {arms}
69%
If you promise not to {fade} away
69%
{Black} {holes} and revelations
67%
{Black} {holes} and revelations
67%
This {ship} is taking me {far} {away}
67%
I just {wanted} to hold
65%
Of the {people} who care if I {live} {or} {die}
65%
You {electrify} my life
65%
Far away {from} {the} {memories}
64%
I don't know if it's {worth} {it} {anymore}
62%
{Never} fade away
62%
I'll never {let} {you} {go}
61%
I will be {chasing} a starlight
58%
Our {hopes} and {expectations}
56%
Our {hopes} and {expectations}
56%
Let's conspire to {ignite}
54%
All the {souls} that would die just to {feel} {alive}
37%
Aucun quiz correspondant
Distribution des résultats
% des personnes avec chaque résultat
Percentile par nombre de réponses
Votre historique - résultats
Vous n’avez pas pris ce quiz